=LDR 00000nam 2200000 4500 =001 INLIS000000000045847 =005 20150326132742.0 =006 =007 =008 =035 ##$$0010-021500000000407 =040 ##$$a NBPDMAT =082 ##$$a 028.5 =090 ##$$a 028.5 $b Sur a =100 ##$$a Suryaning Wulang =245 ##$$a Air Dari Langit / $b Penulis Suryaning Wulan ; Editor, Serif Nurhakim =250 ##$$a Cet. 1 =260 ##$$a Jakarta $b qunito $c 2011 =300 ##$$a 36 hlm $b Ilus $c 26 cm =650 ##$$a Bacaan kanak-kanak =700 ##$$a Syerif Nurhakim =990 ##$$a 0001/BPAP-NTB/20142015 =990 ##$$a 0001/BPAP-NTB/20142015 =990 ##$$a 0001/BPAP-NTB/20142015 =990 ##$$a 0001/BPAP-NTB/20142015